Ritual que para mayor comodidad de los señores párrocos comprehende solo el órden de administrar á los enfermos el Sagrado Viático y Santa unción, á que se añade el órden de encomendar el alma sacado fielmente del romano (...). (Registro nro. 75684)
[ vista simple ]
| 000 -ENCABEZADO | |
|---|---|
| Número de control [NR] | 01487nam a2200265Ia 4500 |
| 008 - DE LONGITUD FIJA DE DATOS DE ELEMENTOS - INFORMACIÓN GENERAL | |
| Elementos de longitud fija [NR] | 130821s1805 sp gr spa |
| 040 ## - FUENTE DE CATALOGACION [NR] | |
| Agencia de catalogación original [NR] | Co-BoUCM |
| Idioma de catalogación [NR] | spa |
| 041 0# - CODIGO DE IDIOMA [R] | |
| Código de idioma para texto/pista de sonido o título separado [R] | Español |
| -- | Latín |
| 092 ## - SIGNATURA TOPOGRAFICA LOCAL | |
| Número de clasificación local | E14N019 |
| 110 2# - ASIENTO PRINCIPAL--NOMBRE CORPORATIVO [NR] | |
| Nombre corporativo o de jurisdicción como elemento de entrada [NR] | Iglesia Católica |
| 245 10 - MENCION DE TITULO [NR] | |
| Título [NR] | Ritual que para mayor comodidad de los señores párrocos comprehende solo el órden de administrar á los enfermos el Sagrado Viático y Santa unción, á que se añade el órden de encomendar el alma sacado fielmente del romano (...). |
| 260 ## - PUBLICACION, DISTRIBUCION, ETC. (PIE DE IMPRENTA) [R] | |
| Lugar de publicación, distribución, etc. [R] | Madrid (España) |
| Nombre del editor, distribuidor, etc. [R] | En la imprenta de la Real Compañía |
| Fecha de publicación, distribución, etc. [R] | 1805 |
| 300 ## - DESCRIPCION FISICA [R] | |
| Extensión [R] | [4], 94 páginas |
| 500 ## - NOTA GENERAL [R] | |
| Nota general [NR] | Detalles físicos: Encuadernación rígida, cartón forrado en papel texturizado, lomo y portada decorada en dorado. Guardas en papel de agua. Portada impresa a una sola tinta. Texto en una columna, con tipos grandes. Anotaciones al inicio y al fina |
| 504 ## - NOTA DE BIBLIOGRAFIA, ETC. [R] | |
| Nota de bibliografía, etc. [NR] | |
| 505 0# - NOTA DE CONTENIDO CON FORMATO PREESTABLECIDO [R] | |
| Nota de contenido con formato preestablecido [NR] | Orden de administrar el sacramento de la sagrada eucaristía en forma de viático, á los enfermos. ; Orden de administrar el sacramento de la extremaunción. ; Modus a SS. D. N. Benedicto Papa XIV approbatus, pro opportunitate temporis servandus. |
| 506 ## - NOTA DE RESTRICCIONES DE ACCESO [R] | |
| Condiciones de acceso [NR] | Consulta en sala. |
| 546 ## - NOTA DE IDIOMA [R] | |
| Nota de idioma [NR] | Texto en español y latín. |
| 650 ## - ASIENTO SECUNDARIO DE MATERIA - TERMINO TEMATICO [R] | |
| Término temático o nombre geográfico como elemento de entrada [NR] | Liturgia |
| Subdivisión cronológica [R] | Siglo XIX |
| 9 (RLIN) | 18768 |
| 650 ## - ASIENTO SECUNDARIO DE MATERIA - TERMINO TEMATICO [R] | |
| Término temático o nombre geográfico como elemento de entrada [NR] | Religión |
| 9 (RLIN) | 23497 |
| 650 ## - ASIENTO SECUNDARIO DE MATERIA - TERMINO TEMATICO [R] | |
| Término temático o nombre geográfico como elemento de entrada [NR] | Sacramentos (Liturgia) |
| Subdivisión general [R] | Obras anteriores a 1900 |
| 710 2# - ASIENTO SECUNDARIO - NOMBRE CORPORATIVO [R] | |
| Nombre corporativo o de jurisdicción como elemento de entrada [NR] | Imprenta Real |
| 942 ## - ELEMENTOS DE ENTRADA AGREGADOS (KOHA) | |
| Tipo de ítem principal el descrito en 300a | Libro |
| Tema principal | Religión |
| Edición | 1 |
| Sistema de clasificación | DEWEY |
| Clasificación | 291.38 |
| Total préstamos | Código de barras | Última vez visto | Volúmen / Fascículo | Ejemplar | Price effective from | Tipo de ítem | Perdido | Sistema de clasificación | Dañado | No prestable | Tipo de ítem específico | Suprimido | Ubicación habitual | Ubicación actual | Localización | Fecha de creación | Forma de adquisición | Costo |
|---|---|---|---|---|---|---|---|---|---|---|---|---|---|---|---|---|---|---|
| L002151 | 15/12/2012 | E14N019 | Ej.1 | 03/02/2013 | Libro | DEWEY | Libro archivo | Archivo Histórico | Archivo histórico | 28/02/2014 | Donación | 0.00 |